000 01852cam a2200469Ia 4500
001 10931942
003 OSt
005 20240530110620.0
008 140524s2014 ua ab b 000 0 eng d
016 7 _a016565324
_2Uk
020 _a9789774166181
020 _a9774166183
040 _cEG-CaGPL
082 0 4 _221
_a932
_bCC/P T
245 0 0 _aTombs of the South Asasif Necropolis :
_bThebes, Karakhamun (TT 223), and Karabasken (TT 391) in the Twenty-fifth Dynasty /
_cedited by Elena Pischikova.
260 _aCairo :
_bThe American University in Cairo Press,
_c2014.
300 _av-xix, 290 p. :
_bill., maps ;
_c25 cm.
500 _aA joint publication of the members of the American-Egyptian South Asasif Conservation Project (SACP), working under the auspices of the Ministry of State for Antiquities and the Supreme Council of Antiquities.
504 _aIncludes bibliographical references (p. 271-290).
520 _aThebes (Egypt : Extinct city); history.
650 0 _aTombs
_zEgypt
_zThebes (Extinct city)
650 7 _aAntiquities.
_2fast
_0(OCoLC)fst00810745
650 7 _aTombs.
_2fast
_0(OCoLC)fst01152439
651 0 _aThebes (Egypt : Extinct city)
_xAntiquities.
651 0 _aAl ʻAsāsīf (Egypt)
_xAntiquities.
651 7 _aEgypt
_zAl ʻAsāsīf.
_2fast
_0(OCoLC)fst01882639
651 7 _aEgypt
_zThebes (Extinct city)
_2fast
_0(OCoLC)fst01897333
700 1 _aPischikova, Elena.
700 1 _aBooth, Adam.
700 1 _aBudka, Julia.
700 1 _aEigner, Dieter.
700 1 _aGriffin, Kenneth.
700 1 _aIkram, Salima.
700 1 _aJosephson, Jack A.
700 1 _aMolinero Polo, Miguel Angel.
700 1 _aMorkot, Robert.
700 1 _aNaunton, Chris.
700 1 _aSzpakowska, Kasia Maria.
700 1 _aTaylor, John H.
710 2 _aSouth Asasif Conservation Project (SACP)
942 _2ddc
_cBK
999 _c63028
_d63028